Business communication: (Record no. 16860)
[ view plain ]
| 000 -LEADER | |
|---|---|
| fixed length control field | 00695nam a22002057a 4500 |
| 008 - FIXED-LENGTH DATA ELEMENTS--GENERAL INFORMATION | |
| fixed length control field | 220419b ||||| |||| 00| 0 eng d |
| 020 ## - INTERNATIONAL STANDARD BOOK NUMBER | |
| International Standard Book Number | 9781260571066 |
| 082 ## - DEWEY DECIMAL CLASSIFICATION NUMBER | |
| Edition number | 2021 |
| Classification number | DC 651.75 |
| Item number | R298 |
| 100 ## - MAIN ENTRY--PERSONAL NAME | |
| Personal name | Rentz, Kathryn |
| 9 (RLIN) | 45047 |
| 245 ## - TITLE STATEMENT | |
| Title | Business communication: |
| Remainder of title | a problem- solving approach/ |
| Statement of responsibility, etc. | Kathryn Rentz, Paula Lentz, authors |
| 250 ## - EDITION STATEMENT | |
| Edition statement | Second edition |
| 260 ## - PUBLICATION, DISTRIBUTION, ETC. (IMPRINT) | |
| Place of publication, distribution, etc. | New York, NY: |
| Name of publisher, distributor, etc. | Mc Graw Hill, |
| Date of publication, distribution, etc. | 2021. |
| 300 ## - PHYSICAL DESCRIPTION | |
| Extent | iv, 718 pages: |
| Other physical details | illustrations; |
| Dimensions | 27 cm. |
| 500 ## - GENERAL NOTE | |
| General note | Includes index. |
| 650 ## - SUBJECT ADDED ENTRY--TOPICAL TERM | |
| Topical term or geographic name as entry element | Commercial correspondence |
| 9 (RLIN) | 24872 |
| 650 ## - SUBJECT ADDED ENTRY--TOPICAL TERM | |
| Topical term or geographic name as entry element | Business writing |
| 9 (RLIN) | 45048 |
| 650 ## - SUBJECT ADDED ENTRY--TOPICAL TERM | |
| Topical term or geographic name as entry element | Business communication |
| 9 (RLIN) | 45049 |
| 700 ## - ADDED ENTRY--PERSONAL NAME | |
| Personal name | Lentz, Paula, |
| Relator term | author |
| 9 (RLIN) | 45050 |
| 942 ## - ADDED ENTRY ELEMENTS (KOHA) | |
| Source of classification or shelving scheme | Dewey Decimal Classification |
| Koha item type | Circulation |
| Withdrawn status | Lost status | Source of classification or shelving scheme | Damaged status | Not for loan | Collection code | Home library | Current library | Shelving location | Date acquired | Source of acquisition | Cost, normal purchase price | Total Checkouts | Full call number | Barcode | Date last seen | Date last checked out | Price effective from | Koha item type |
|---|---|---|---|---|---|---|---|---|---|---|---|---|---|---|---|---|---|---|
| Dewey Decimal Classification | Circulation | UM Digos College - LIC | UM Digos College - LIC | Book Cart | 02/10/2022 | Purchased | 2786.00 | 3 | DC 651.75 R298 2021 | 26559 | 05/15/2025 | 07/10/2023 | 04/19/2022 | Circulation |
